1701 1740 1759 1356 1105 1870 1859 1446 1697 1492 1579 1847 1948 1815 1793 1980 1503 1411 1417 1508 1947 1834 1333 1850 1245 1083 1858 1349 1986 1408 1069 1272 1106 1834 1451 1045 1720 1203 1159 1083 1396 1229 1096 1058 1743 1861 1855 1384 1817 1484 1560 1666 1408 1333 1923 1972 1583 1572 1780 1762 1097 1334 1756 1914 1937 1841 1928 1777 1375 1903 1526 1616 1075 1788 1818 1377 1171 1869 1430 1500 1180 1863 1847 1443 1751 1519 1220 1386 1321 1151 1723 1055 1240 1822 1707 1036 1662 1995 1540 BCNSPRNW ULIB Ver.6.0+V

เปลี่ยนเป็นภาษาไทย

Change to English
 แสดงรายละเอียดบรรณานุกรม
  กลับหน้าหลัก

Brief Record : Get Marc (ISO 2709) : E-mail record : QR code < ปิดหน้าต่าง
LEADER : 00000nam 2200000uu 4500
001    13399120404
003     ULIB
008    120919s2549||||th 000 0 tha d
020    ^a9789745420632
060 04 ^aWA395^bจ571พ 2549
100 0  ^aจีระศักดิ์ เจริญพันธ์
245 10 ^aพฤติกรรมสุขภาพ :^bHealth behavior /^cจีระศักดิ์ เจริญพันธ์, เฉลิมพล ตันสกุล
246 31 ^aHealth behavior
250    ^aพิมพ์ครั้งที่ 4
260    ^aมหาสารคาม :^bคณะสารธารณสุขศาสตร์ มหาวิทยาลัยมหาสารคาม,^c2549
650  7 ^aพฤติกรรมสุขภาพ
650  7 ^aสุขภาพ
700 0  ^aเฉลิมพล ตันสกุล
710 2  ^aมหาวิทยาลัยมหาสารคาม. ^bคณะสาธารณสุขศาสตร์
945    ^p180^l0^i24694
995    ^aกัณชพร
999 ^a ใช้งานได้ทุกระบบ
รายการนี้ยังไม่มีแท็ก
คุณยังไม่ได้ล็อกอิน คุณสามารถมีกิจกรรมร่วมกับเว็บไซต์ได้ แต่ต้องล็อกอินก่อน ::
  ล็อกอิน

รายการสื่อสารสนเทศ

ลำดับที่ ประเภท เลขเรียก/บาร์โค้ด สถานที่ สถานะ
1. วิทยาศาสตร์การแพทย์ และสุขภาพ
วิทยาศาสตร์การแพทย์ และสุขภาพ
WA395 จ571พ 2549  
  Barcode: 24694
ห้องสมุดวิทยาเขตสวรรค์ประชารักษ์
►หนังสือทั่วไป
บนชั้น

รายการใกล้เคียง
    ผู้แต่ง [จีระศักดิ์ เจริญพันธ์]

    หัวเรื่อง [พฤติกรรมสุขภาพ]
    หัวเรื่อง [สุขภาพ]

BibComment


ยังไม่เคยถูกคอมเมนท์

คอมเมนท์ทรัพยากรรายการนี้
  คอมเมนท์: พฤติกรรมสุขภาพ ..


 Copyright 2026. Bcnsprnw @Library